000 00575nam a2200157 4500
999 _c10640
_d10640
008 180912b ||||| |||| 00| 0 eng d
022 _a2094-8042
082 _aDPer 370.105 M72 Jan-Dec 2011 v59-60
100 _931091
_a Eduardo, Ericson J.
245 _aCrossing the boundaries of time/
_cEricson J. Eduardo and Sarah Jane R. Vergara.
260 _aPhilippines:
_bIn the Grade School, Inc.,
_cc2011.
300 _av60 n4, pages 140-144:
_billustrations;
_c227cm.
650 0 _931092
_aEducation.
700 _aVergara, Sarah Jane R.
_eAuthor.
_936716
942 _2ddc
_cPER